Guess the European Country - Statistics

General Stats
  • This quiz has been taken 97 times
  • The average score is 10 of 15
Answer Stats
Hint Answer % Correct
Smallest Country in Europe Vatican City
95%
Country which is home to the Elizabeth tower United Kingdom
86%
Country which has the capital of Kiev Ukraine
85%
Country which has the largest GDP in Europe Germany
82%
Eastern most country in Europe ( Not including overseas territories ) Russia
81%
The only Mediterranean island nation in Europe Malta
79%
Southern most country in Europe Greece
76%
Most neutral country in Europe Switzerland
73%
Western most country in Europe ( Not including overseas territories ) Iceland
70%
Second smallest country in Europe Monaco
69%
Country with the longest coastline in Europe ( Not including overseas territories ) Norway
57%
Richest country in the Benelux region of Europe by GDP per capita Luxembourg
54%
Third largest country in Europe Ukraine
50%
Country that has a president who is in charge of two countries France
46%
Most authoritarian country in Europe Belarus
40%
No matching quizzes found
Score Distribution
Percent of People with Each Score
Percentile by Number Answered
Your Score History
You have not taken this quiz